000 01026nam a2200277 i 4500
003 DO-SdBNP
005 20240822085704.0
007 ta
008 210903b2021 dr a|||| |||| 00| 0 spa d
020 _a9789945928006
040 _aDO-SdBNP
_bspa
_cBNPHU
_erda
082 4 _222
100 1 _aCortés Robles, Agustín,
_d1957-
_979737
_eautor
245 1 0 _aDiálogos multidisciplinarios del cine dominicano /
_cAgustín Cortés Robles ; prólogo, Leo Silverio.
264 _aSanto Domingo :
_bSociedad Cinematográfica Dominicana,
_c2021.
300 _a324 páginas :
_bilustraciones, retratos ;
_c23 cm.
336 _2rdacontent
_atexto
_btxt
337 _2rdamedia
_asin mediación
_bn
338 _2rdacarrier
_avolumen
_bnc
500 _aIncluye datos biográficos del autor en las solapas
504 _aBibliografía : páginas 255-259
590 _aInventariado, 2021 /LP
590 _aLa biblioteca posee 1 ejemplar autografiado por el autor
700 1 _aSilverio, Leo,
_eprólogo
_975122
942 _2ddc
_cLBS1
999 _c50401
_d50401